00294nam a2200097Ia 4500008004100000020001800041100002300059245007200082260002800154300001400182171205s9999 xx 000 0 und d a9789351508687 aThambirajah, M. S. aEssentials of Learning Disabilities and Other Development Disorders bSAGE Publicationsc2016 a187 pages